[Event "FIDE Womens World Cup 2021"]
[Site "Sochi"]
[Date "2021.07.12"]
[Round "1.19"]
[White "Salimova, Nurgyul"]
[Black "Aliaga Fernandez, Ingrid Y"]
[Result "1/2-1/2"]
[WhiteElo "2395"]
[BlackElo "2191"]
[Annotator "NA"]
[PlyCount "110"]
[EventDate "2021.07.12"]
[EventType "k.o."]
[EventCountry "RUS"]
[SourceTitle "playchess.com"]
[Source "ChessBase"]
[SourceQuality "1"]
[TimeControl "40/5400+30:1800+30"]

1. Nf3 {[%emt 0:00:07]} Nf6 {[%emt 0:00:14]} 2. g3 {[%emt 0:00:45]} d5 {[%emt 0:00:07]} 3. Bg2 {[%emt 0:00:35]} e6 {[%emt 0:00:17]} 4. O-O {[%emt 0:00:55]} c5 {[%emt 0:01:16]} 5. d4 {[%emt 0:01:24]} cxd4 {[%emt 0:05:03]} 6. Nxd4 {[%emt 0:00:51]} Be7 {[%emt 0:01:45]} 7. c4 {[%emt 0:09:47]} dxc4 {[%emt 0:04:41]} 8. Qa4+ {[%emt 0:01:47]} Nbd7 {[%emt 0:00:22]} 9. Rd1 {[%emt 0:03:01]} O-O {[%emt 0:00:19]} 10. Qxc4 {[%emt 0:00:38]} Qa5 {[%emt 0:12:26]} 11. Qb5 {[%emt 0:10:13]} Qc7 {[%emt 0:09:04]} 12. Nc3 $11 {[%emt 0:10:11]} a6 {[%emt 0:05:38]} 13. Qb3 {[%emt 0:00:53]} Nc5 {[%emt 0:08:39]} 14. Qc2 {[%emt 0:01:23]} Bd7 {[%emt 0:01:27]} 15. Bg5 {[%emt 0:08:35]} Rac8 {[%emt 0:04:44]} 16. Rac1 {[%emt 0:01:48]} Qb8 {[%emt 0:01:50]} 17. Nb3 {[%emt 0:19:46]} Rfd8 {[%emt 0:14:00]} 18. Nxc5 {[%emt 0:00:49]} Rxc5 {[%emt 0:00:32]} 19. Be3 {[%emt 0:01:52]} Rcc8 {[%emt 0:00:53]} 20. Bb6 {[%emt 0:02:12]} Re8 {[%emt 0:00:21]} 21. Qb3 {[%emt 0:02:58]} Bc6 {[%emt 0:01:19]} 22. Rc2 {[%emt 0:03:09]} Bxg2 {[%emt 0:01:15]} 23. Kxg2 {[%emt 0:00:06]} h6 {[%emt 0:03:57]} 24. Rcd2 {[%emt 0:00:33]} Rc6 {[%emt 0:03:31]} 25. f3 {[%emt 0:03:33]} Rd6 {[%emt 0:07:46]} 26. Bd4 {[%emt 0:04:05]} Rdd8 {[%emt 0:01:26]} 27. Bxf6 {[%emt 0:00:53]} Bxf6 {[%emt 0:00:06]} 28. Ne4 {[%emt 0:00:11]} Be7 {[%emt 0:03:13]} 29. Kf1 {[%emt 0:05:52]} Rxd2 {[%emt 0:00:35]} 30. Rxd2 {[%emt 0:00:09]} b5 {[%emt 0:00:48]} 31. Qe3 {[%emt 0:02:33]} Qc7 {[%emt 0:00:42]} 32. Kg2 {[%emt 0:02:41]} Rc8 {[%emt 0:02:06]} 33. Rd3 {[%emt 0:00:46]} b4 {[%emt 0:00:51]} 34. Qd2 {[%emt 0:00:57]} Qc2 {[%emt 0:01:00]} 35. h4 {[%emt 0:00:54]} f5 {[%emt 0:01:54]} 36. Nf2 {[%emt 0:00:24]} Qxd2 {[%emt 0:02:10]} 37. Rxd2 {[%emt 0:00:04]} a5 {[%emt 0:00:39]} 38. b3 {[%emt 0:01:05]} Bf6 {[%emt 0:00:25]} 39. Nd3 {[%emt 0:00:27]} g5 {[%emt 0:00:49]} 40. h5 {[%emt 0:00:26]} Kf7 {[%emt 0:00:57]} 41. e4 {[%emt 0:07:55]} Bc3 {[%emt 0:01:31]} 42. Re2 {[%emt 0:02:48]} Kf6 {[%emt 0:04:27]} 43. exf5 {[%emt 0:00:39]} exf5 {[%emt 0:00:22]} 44. g4 {[%emt 0:01:47]} Bd4 45. gxf5 {[%emt 0:12:13]} Kxf5 {[%emt 0:03:33]} 46. Ne1 {[%emt 0:04:46]} Rc1 {[%emt 0:06:38]} 47. Nc2 {[%emt 0:00:25]} Bc5 {[%emt 0:00:58]} 48. Ne1 {[%emt 0:00:43]} Bd4 {[%emt 0:01:37]} 49. Nc2 {[%emt 0:00:04]} Bc5 {[%emt 0:03:03]} 50. Ne1 {[%emt 0:00:06]} Rd1 {[%emt 0:10:56]} 51. Nc2 {[%emt 0:02:37]} Rg1+ {[%emt 0:00:41]} 52. Kh2 {[%emt 0:00:37]} Rd1 {[%emt 0:00:49]} 53. Kg2 {[%emt 0:00:29]} Rg1+ {[%emt 0:01:44]} 54. Kh2 {[%emt 0:00:06]} Rd1 {[%emt 0:00:31]} 55. Kg2 {[%emt 0:00:06]} Rg1+ {[%emt 0:01:02]} 1/2-1/2

[Event "FIDE Womens World Cup 2021"]
[Site "Sochi"]
[Date "2021.07.12"]
[Round "1.20"]
[White "Castrillon Gomez, Melissa"]
[Black "Socko, Monika"]
[Result "1/2-1/2"]
[WhiteElo "2201"]
[BlackElo "2393"]
[Annotator "NA"]
[PlyCount "51"]
[EventDate "2021.07.12"]
[EventType "k.o."]
[EventCountry "RUS"]
[SourceTitle "playchess.com"]
[Source "ChessBase"]
[SourceQuality "1"]
[TimeControl "40/5400+30:1800+30"]

1. d4 {[%emt 0:00:08]} Nf6 {[%emt 0:00:07]} 2. c4 {[%emt 0:00:10]} e6 {[%emt 0:00:04]} 3. g3 {[%emt 0:00:17]} Bb4+ {[%emt 0:00:42]} 4. Bd2 {[%emt 0:00:18]} c5 {[%emt 0:01:08]} 5. Bxb4 {[%emt 0:01:20]} cxb4 {[%emt 0:00:04]} 6. Bg2 {[%emt 0:00:59]} O-O {[%emt 0:00:44]} 7. Nf3 {[%emt 0:00:37]} d6 {[%emt 0:00:35]} 8. O-O {[%emt 0:00:33]} Re8 {[%emt 0:00:32]} 9. a3 {[%emt 0:02:14]} Nc6 {[%emt 0:00:18]} 10. axb4 {[%emt 0:02:44]} Nxb4 {[%emt 0:00:43]} 11. Nc3 {[%emt 0:02:15]} Bd7 {[%emt 0:08:40]} 12. e4 {[%emt 0:24:12]} e5 {[%emt 0:12:18]} 13. dxe5 {[%emt 0:07:30]} dxe5 {[%emt 0:00:09]} 14. Qd6 {[%emt 0:00:22]} Nc6 {[%emt 0:06:35]} 15. Rfd1 {[%emt 0:05:26]} Bg4 {[%emt 0:04:37]} 16. Qxd8 {[%emt 0:11:20]} Raxd8 {[%emt 0:00:41]} 17. Rxd8 $11 {[%emt 0:01:15]} Rxd8 {[%emt 0:00:09]} 18. Nd5 {[%emt 0:01:18]} Bxf3 {[%emt 0:22:14]} 19. Bxf3 {[%emt 0:00:07]} a6 {[%emt 0:00:22]} 20. Bg2 {[%emt 0:02:49]} Kf8 {[%emt 0:01:06]} 21. f4 {[%emt 0:06:44]} Rc8 {[%emt 0:05:24]} 22. Rf1 {[%emt 0:06:31]} Re8 {[%emt 0:00:37]} 23. Nc7 {[%emt 0:03:45]} Rc8 {[%emt 0:03:18]} 24. Nd5 {[%emt 0:00:12]} Re8 {[%emt 0:01:23]} 25. Nc7 {[%emt 0:00:13]} Rc8 {[%emt 0:05:01]} 26. Nd5 1/2-1/2

[Event "FIDE Womens World Cup 2021"]
[Site "Sochi"]
[Date "2021.07.12"]
[Round "1.21"]
[White "Vaishali R"]
[Black "Zhou, Qiyu"]
[Result "1-0"]
[WhiteElo "2393"]
[BlackElo "2229"]
[Annotator "NA"]
[PlyCount "123"]
[EventDate "2021.07.12"]
[EventType "k.o."]
[EventCountry "RUS"]
[SourceTitle "playchess.com"]
[Source "ChessBase"]
[SourceQuality "1"]
[TimeControl "40/5400+30:1800+30"]

1. e4 {[%emt 0:00:12]} e5 {[%emt 0:00:05]} 2. Nf3 {[%emt 0:00:07]} Nc6 {[%emt 0:00:06]} 3. Bb5 {[%emt 0:00:05]} a6 {[%emt 0:00:04]} 4. Ba4 {[%emt 0:00:04]} Nf6 {[%emt 0:00:18]} 5. O-O {[%emt 0:00:09]} b5 {[%emt 0:00:10]} 6. Bb3 {[%emt 0:00:05]} Bc5 {[%emt 0:00:15]} 7. a4 {[%emt 0:00:17]} Rb8 {[%emt 0:01:52]} 8. c3 {[%emt 0:00:18]} d6 {[%emt 0:00:12]} 9. d4 {[%emt 0:00:14]} Bb6 {[%emt 0:00:30]} 10. a5 {[%emt 0:00:49] is currently scoring better than 10.axb5.} Ba7 {[%emt 0:00:22]} 11. Be3 {[%emt 0:00:28]} Bg4 {[%emt 0:02:05]} 12. Nbd2 {[%emt 0:05:20]} O-O {[%emt 0:03:17]} 13. h3 {[%emt 0:01:32]} Bh5 {[%emt 0:10:30]} 14. Qe1 {[%emt 0:10:16]} Re8 {[%emt 0:02:15] [#]} 15. d5 $146 {[%emt 0:12:53]} ({Predecessor:} 15. dxe5 dxe5 16. Nh4 Qd3 17. Bxa7 Nxa7 18. f3 c5 19. Qf2 Qd6 20. Rfd1 Qc7 21. Bd5 {1-0 (41) Hovhannisyan,R (2642)-Martirosyan,H (2622) Yerevan 2021}) 15... Bxe3 {[%emt 0:00:37]} 16. Qxe3 {[%emt 0:03:54]} Ne7 {[%emt 0:00:20]} 17. c4 {[%emt 0:01:32]} b4 {[%emt 0:03:53]} 18. c5 {[%emt 0:02:54]} Nd7 {[%emt 0:01:53]} 19. cxd6 $16 {[%emt 0:06:38]} cxd6 {[%emt 0:01:38]} 20. Ba4 {[%emt 0:00:08]} Rb7 {[%emt 0:03:05]} 21. Nc4 {[%emt 0:01:42]} Qb8 {[%emt 0:03:37]} 22. Bc6 {[%emt 0:03:10]} Rc7 {[%emt 0:04:20]} 23. Nxd6 {[%emt 0:02:17]} Rd8 {[%emt 0:01:17]} 24. Rac1 {[%emt 0:05:13]} Nf6 {[%emt 0:06:59]} 25. Qb6 {[%emt 0:02:47]} Bxf3 {[%emt 0:10:42]} 26. gxf3 {[%emt 0:01:45]} Ng6 {[%emt 0:06:40]} 27. Qxb8 {[%emt 0:05:57]} Rxb8 {[%emt 0:00:06]} 28. Ba4 {[%emt 0:00:31]} Rxc1 {[%emt 0:03:35]} 29. Rxc1 {[%emt 0:00:03]} Nf4 {[%emt 0:00:24]} 30. Rc6 {[%emt 0:09:05]} Nxh3+ {[%emt 0:07:51]} 31. Kf1 {[%emt 0:01:45]} Ra8 {[%emt 0:00:41]} 32. Bb5 {[%emt 0:03:40]} axb5 {[%emt 0:04:17]} 33. a6 {[%emt 0:00:19]} Nf4 {[%emt 0:01:13]} 34. Rc8+ {[%emt 0:02:20]} Rxc8 {[%emt 0:00:14]} 35. Nxc8 {[%emt 0:00:03]} Ne8 {[%emt 0:03:46]} 36. d6 {[%emt 0:01:15]} Ne6 {[%emt 0:00:56]} 37. a7 {[%emt 0:00:47]} N8c7 {[%emt 0:00:22]} 38. dxc7 {[%emt 0:01:07]} Nxc7 {[%emt 0:00:07]} 39. Nb6 {[%emt 0:00:04]} Kf8 {[%emt 0:01:02]} 40. a8=Q+ {[%emt 0:00:28]} Nxa8 {[%emt 0:00:06]} 41. Nxa8 {[%emt 0:30:03]} Ke7 {[%emt 0:31:44]} 42. Nc7 {[%emt 0:01:19]} Kd6 {[%emt 0:06:47]} 43. Na6 {[%emt 0:16:26]} b3 {[%emt 0:02:03]} 44. Nb4 {[%emt 0:00:00]} Kc5 {[%emt 0:00:00]} 45. Nd5 {[%emt 0:00:00]} f5 {[%emt 0:00:00]} 46. Ke2 {[%emt 0:00:00]} f4 {[%emt 0:00:00]} 47. Nc7 {[%emt 0:00:00]} Kc4 {[%emt 0:01:13]} 48. Ne6 {[%emt 0:00:00]} h5 {[%emt 0:00:43]} 49. Nf8 {[%emt 0:00:00]} g5 {[%emt 0:01:59]} 50. Nd7 {[%emt 0:00:00]} Kd4 {[%emt 0:01:54]} 51. Nf6 {[%emt 0:00:00]} g4 {[%emt 0:04:49]} 52. fxg4 {[%emt 0:00:00]} hxg4 {[%emt 0:00:06]} 53. Nxg4 {[%emt 0:00:00]} Kxe4 {[%emt 0:00:04]} 54. f3+ {[%emt 0:00:00]} Kd4 {[%emt 0:00:06]} 55. Nf6 {[%emt 0:00:00]} Kc4 {[%emt 0:00:52]} 56. Ne4 {[%emt 0:00:00]} Kd4 {[%emt 0:00:21]} 57. Nd2 {[%emt 0:00:00]} b4 {[%emt 0:01:03]} 58. Nxb3+ {[%emt 0:00:00]} Kc4 {[%emt 0:00:19]} 59. Nd2+ {[%emt 0:00:00]} Kd4 {[%emt 0:00:16]} 60. Ne4 {[%emt 0:00:00]} Kc4 {[%emt 0:00:20]} 61. Kd2 {[%emt 0:00:00]} Kd4 {[%emt 0:00:52]} 62. b3 {[%emt 0:00:00]} 1-0

[Event "FIDE Womens World Cup 2021"]
[Site "Sochi"]
[Date "2021.07.12"]
[Round "1.22"]
[White "Maltsevskaya, Aleksandra"]
[Black "Ouellet, Maili-Jade"]
[Result "1-0"]
[WhiteElo "2382"]
[BlackElo "2257"]
[Annotator "NA"]
[PlyCount "138"]
[EventDate "2021.07.12"]
[EventType "k.o."]
[EventCountry "RUS"]
[SourceTitle "playchess.com"]
[Source "ChessBase"]
[SourceQuality "1"]
[TimeControl "40/5400+30:1800+30"]

1. c4 {[%emt 0:00:03]} e6 {[%emt 0:00:07]} 2. g3 {[%emt 0:00:08]} d5 {[%emt 0:00:06]} 3. Bg2 {[%emt 0:00:05]} Nf6 {[%emt 0:00:10]} 4. Nf3 {[%emt 0:00:08]} Be7 {[%emt 0:00:13]} 5. O-O {[%emt 0:00:10]} O-O {[%emt 0:00:07]} 6. Qc2 {[%emt 0:00:06]} c5 {[%emt 0:01:04]} 7. cxd5 {[%emt 0:06:15]} Nxd5 {[%emt 0:00:57]} 8. Nc3 {[%emt 0:04:18]} Nc6 {[%emt 0:01:59]} 9. b3 {[%emt 0:05:10]} b6 {[%emt 0:05:23]} 10. Nxd5 {[%emt 0:04:19]} Qxd5 {[%emt 0:22:02]} 11. Ng5 {[%emt 0:33:43]} Qxg5 {[%emt 0:00:29]} 12. Bxc6 {[%emt 0:00:05]} Rb8 {[%emt 0:00:39]} 13. Be4 {[%emt 0:10:30]} f5 {[%emt 0:04:33]} 14. d4 {[%emt 0:01:10]} Qg6 {[%emt 0:01:51]} 15. Bf4 {[%emt 0:05:57]} Bb7 {[%emt 0:07:32]} 16. Bxb7 {[%emt 0:00:59]} Rxb7 {[%emt 0:00:06]} 17. Rad1 {[%emt 0:02:58]} Qf7 {[%emt 0:04:25]} 18. dxc5 {[%emt 0:06:24]} Bxc5 {[%emt 0:01:58]} 19. Be5 {[%emt 0:03:57]} Qe7 {[%emt 0:04:56]} 20. Qd3 {[%emt 0:03:36]} Rc8 {[%emt 0:08:36]} 21. Qa6 {[%emt 0:01:52]} Rf8 {[%emt 0:02:42]} 22. Rd3 {[%emt 0:03:36]} Rd7 {[%emt 0:00:38]} 23. Rfd1 {[%emt 0:00:04]} Rxd3 {[%emt 0:00:29]} 24. Qxd3 {[%emt 0:00:16]} Re8 {[%emt 0:04:49]} 25. h4 {[%emt 0:02:44]} h6 {[%emt 0:13:45]} 26. e3 {[%emt 0:01:45]} Rf8 {[%emt 0:00:56]} 27. Qc4 {[%emt 0:00:28]} a5 {[%emt 0:02:35]} 28. Qd3 {[%emt 0:01:42]} Qb7 {[%emt 0:04:49]} 29. Qc4 Re8 {[%emt 0:00:36]} 30. Qb5 {[%emt 0:01:26]} Re7 {[%emt 0:01:30]} 31. Rd8+ {[%emt 0:00:08]} Kf7 {[%emt 0:00:54]} 32. Qe2 {[%emt 0:01:08]} Kg6 {[%emt 0:01:02]} 33. h5+ {[%emt 0:00:51]} Kf7 {[%emt 0:00:38]} 34. Ba1 {[%emt 0:00:47]} Rd7 {[%emt 0:02:14]} 35. Qb2 {[%emt 0:00:26]} Bf8 {[%emt 0:00:17]} 36. Rxd7+ {[%emt 0:00:28]} Qxd7 {[%emt 0:00:05]} 37. Qc2 {[%emt 0:00:12]} Bd6 {[%emt 0:01:22]} 38. Bd4 {[%emt 0:00:57]} b5 {[%emt 0:02:02]} 39. Qb2 {[%emt 0:00:35]} Kg8 {[%emt 0:00:17]} 40. Qd2 {[%emt 0:00:24]} Qc7 {[%emt 0:00:35]} 41. Bc3 {[%emt 0:30:25]} b4 {[%emt 0:01:50]} 42. Bd4 {[%emt 0:00:00]} Qc6 {[%emt 0:03:59]} 43. Qe2 {[%emt 0:00:00]} Kf8 {[%emt 0:05:07]} 44. Qd1 {[%emt 0:00:00]} Kg8 {[%emt 0:04:47]} 45. Bb2 {[%emt 0:00:00]} Kf8 {[%emt 0:01:50]} 46. g4 {[%emt 0:00:00]} fxg4 {[%emt 0:11:40]} 47. Qxg4 {[%emt 0:00:00]} Qd7 {[%emt 0:00:38]} 48. Qf3+ {[%emt 0:00:00]} Kg8 {[%emt 0:00:21]} 49. Qa8+ {[%emt 0:00:00]} Bf8 {[%emt 0:01:46]} 50. Bd4 {[%emt 0:00:00]} Qb5 {[%emt 0:02:39]} 51. Qf3 {[%emt 0:00:00]} Qd3 {[%emt 0:00:38]} 52. Kg2 {[%emt 0:00:00]} Qb5 {[%emt 0:00:53]} 53. Qe4 {[%emt 0:02:30]} Qg5+ {[%emt 0:00:25]} 54. Kf1 {[%emt 0:00:14]} Qxh5 {[%emt 0:00:55]} 55. Qxe6+ {[%emt 0:00:06]} Kh8 {[%emt 0:00:16]} 56. Be5 {[%emt 0:01:20]} Kh7 {[%emt 0:00:45]} 57. Kg2 {[%emt 0:02:15]} Qg5+ {[%emt 0:00:21]} 58. Bg3 {[%emt 0:00:03]} h5 {[%emt 0:00:39]} 59. Qe8 {[%emt 0:02:23]} Be7 {[%emt 0:00:29]} 60. f4 {[%emt 0:00:45]} Qd5+ {[%emt 0:00:12]} 61. Kh2 {[%emt 0:00:06]} Bf6 {[%emt 0:00:43]} 62. Bf2 {[%emt 0:00:14]} Qf3 {[%emt 0:00:29]} 63. Kg1 {[%emt 0:00:42]} h4 {[%emt 0:00:25]} 64. f5 {[%emt 0:01:00]} Qxf5 {[%emt 0:00:24]} 65. Qc6 {[%emt 0:00:33]} h3 {[%emt 0:00:36]} 66. Bg3 {[%emt 0:00:23]} Qg4 {[%emt 0:00:44]} 67. Qc2+ {[%emt 0:00:16]} Kh8 {[%emt 0:00:24]} 68. Kh2 {[%emt 0:00:04]} Qe6 {[%emt 0:00:33]} 69. Qc5 {[%emt 0:00:14]} Be7 1-0

[Event "FIDE Womens World Cup 2021"]
[Site "Sochi"]
[Date "2021.07.12"]
[Round "1.23"]
[White "Miranda Llanes, Yerisbel"]
[Black "Assaubayeva, Bibisara"]
[Result "0-1"]
[WhiteElo "2262"]
[BlackElo "2389"]
[Annotator "NA"]
[PlyCount "98"]
[EventDate "2021.07.12"]
[EventType "k.o."]
[EventCountry "RUS"]
[SourceTitle "playchess.com"]
[Source "ChessBase"]
[SourceQuality "1"]
[TimeControl "40/5400+30:1800+30"]

1. d4 {[%emt 0:00:19]} d6 {[%emt 0:00:18]} 2. c4 {[%emt 0:00:41]} e5 {[%emt 0:00:15]} 3. Nc3 {[%emt 0:00:26]} exd4 {[%emt 0:00:43]} 4. Qxd4 {[%emt 0:00:02]} Nc6 {[%emt 0:00:15]} 5. Qd2 {[%emt 0:00:13]} g6 {[%emt 0:00:59]} 6. e4 {[%emt 0:02:17]} Bh6 {[%emt 0:02:03]} 7. Qc2 {[%emt 0:06:42]} Bg7 {[%emt 0:00:41]} 8. Bd3 {[%emt 0:02:24]} Nge7 {[%emt 0:01:31]} 9. Nge2 {[%emt 0:01:34]} O-O {[%emt 0:00:12]} 10. O-O {[%emt 0:00:12]} Nb4 {[%emt 0:02:17]} 11. Qd2 {[%emt 0:00:53]} Nxd3 {[%emt 0:00:33]} 12. Qxd3 {[%emt 0:00:02]} Nc6 {[%emt 0:03:00]} 13. b3 {[%emt 0:05:38]} f5 {[%emt 0:01:12]} 14. exf5 {[%emt 0:08:24]} Bxf5 {[%emt 0:01:01]} 15. Qd5+ {[%emt 0:00:01]} Kh8 {[%emt 0:00:24]} 16. Be3 {[%emt 0:00:02]} Qh4 {[%emt 0:05:16]} 17. Qd2 {[%emt 0:11:10]} h6 {[%emt 0:12:04]} 18. Rad1 $14 {[%emt 0:02:37]} Ne5 {[%emt 0:03:41]} 19. Nd4 {[%emt 0:13:52]} Bd7 {[%emt 0:05:03]} 20. f3 {[%emt 0:03:40]} Rf7 {[%emt 0:06:56]} 21. Nd5 {[%emt 0:04:55]} c6 {[%emt 0:06:23]} 22. Nc7 {[%emt 0:06:04]} Rc8 {[%emt 0:09:03]} 23. Nce6 {[%emt 0:07:19]} c5 {[%emt 0:05:17]} 24. Nxg7 {[%emt 0:04:43]} cxd4 {[%emt 0:05:46]} 25. Bxd4 {[%emt 0:00:11]} Rxg7 {[%emt 0:01:59]} 26. f4 {[%emt 0:02:40]} Nf7 {[%emt 0:01:07]} 27. Qb2 {[%emt 0:04:13]} Rcg8 {[%emt 0:00:41]} 28. Rde1 {[%emt 0:01:30]} Kh7 {[%emt 0:08:03]} 29. Bf6 {[%emt 0:01:07]} Qg4 {[%emt 0:00:20]} 30. Re7 {[%emt 0:02:14]} h5 {[%emt 0:03:07]} 31. Bxg7 {[%emt 0:06:18]} Rxg7 {[%emt 0:00:01]} 32. Qf6 {[%emt 0:00:02]} Bc6 {[%emt 0:01:00]} 33. g3 {[%emt 0:02:53]} Qf5 {[%emt 0:00:32]} 34. Qd4 {[%emt 0:01:05]} h4 {[%emt 0:04:32]} 35. Qf2 {[%emt 0:00:49]} Nh6 {[%emt 0:00:48]} 36. Rxg7+ {[%emt 0:00:18]} Kxg7 {[%emt 0:00:01]} 37. Re1 {[%emt 0:00:30]} hxg3 {[%emt 0:02:28]} 38. Qxg3 {[%emt 0:00:56]} Qf6 {[%emt 0:02:22]} 39. Re2 {[%emt 0:00:31]} Nf5 {[%emt 0:00:08]} 40. Qd3 {[%emt 0:00:31]} Qa1+ {[%emt 0:07:18]} 41. Kf2 {[%emt 0:30:05]} Qh1 {[%emt 0:06:01]} 42. Qc3+ {[%emt 0:00:00]} Kg8 {[%emt 0:01:58]} 43. Qh3 {[%emt 0:00:00]} Qc1 {[%emt 0:00:15]} 44. Qg4 {[%emt 0:00:00]} Kf7 {[%emt 0:00:40]} 45. Re1 {[%emt 0:00:00]} Qc3 {[%emt 0:00:38]} 46. h4 {[%emt 0:00:00]} Qd4+ {[%emt 0:01:20]} 47. Ke2 {[%emt 0:00:00]} Qb2+ {[%emt 0:02:09]} 48. Kd3 {[%emt 0:00:00]} Qd4+ {[%emt 0:03:09]} 49. Ke2 {[%emt 0:00:00]} Qe3+ {[%emt 0:00:14]} 0-1

[Event "FIDE Womens World Cup 2021"]
[Site "Sochi"]
[Date "2021.07.12"]
[Round "1.24"]
[White "Cori T., Deysi"]
[Black "Yakubbaeva, Nilufar"]
[Result "1/2-1/2"]
[WhiteElo "2388"]
[BlackElo "2273"]
[Annotator "NA"]
[PlyCount "139"]
[EventDate "2021.07.12"]
[EventType "k.o."]
[EventCountry "RUS"]
[SourceTitle "playchess.com"]
[Source "ChessBase"]
[SourceQuality "1"]
[TimeControl "40/5400+30:1800+30"]

1. Nf3 {[%emt 0:00:04]} Nf6 {[%emt 0:00:33]} 2. g3 {[%emt 0:00:30]} d5 {[%emt 0:00:54]} 3. Bg2 {[%emt 0:00:36]} Bf5 {[%emt 0:00:45]} 4. O-O {[%emt 0:05:01]} e6 {[%emt 0:01:30]} 5. d3 {[%emt 0:06:12]} Be7 {[%emt 0:06:51]} 6. Nbd2 {[%emt 0:05:01]} Nbd7 {[%emt 0:10:45]} 7. Re1 $11 {[%emt 0:00:44]} O-O {[%emt 0:06:53]} 8. e4 {[%emt 0:00:57]} dxe4 {[%emt 0:00:59]} 9. Nxe4 {[%emt 0:08:54]} c6 {[%emt 0:03:24]} 10. h3 {[%emt 0:03:11]} Nxe4 {[%emt 0:09:03]} 11. dxe4 {[%emt 0:00:03]} Bg6 {[%emt 0:00:08]} 12. Bf4 {[%emt 0:12:07]} Bc5 {[%emt 0:10:16]} 13. c3 {[%emt 0:19:15]} Re8 {[%emt 0:06:26]} 14. g4 {[%emt 0:16:07]} Kh8 {[%emt 0:12:42]} 15. Bg3 {[%emt 0:02:15]} e5 {[%emt 0:06:43]} 16. Re2 {[%emt 0:01:57]} Qc7 {[%emt 0:02:28]} 17. b4 {[%emt 0:05:04]} Be7 {[%emt 0:03:32]} 18. Qb3 {[%emt 0:01:17]} a5 {[%emt 0:03:57]} 19. Rd1 {[%emt 0:01:19]} a4 {[%emt 0:04:30]} 20. Qc2 {[%emt 0:00:56]} f6 {[%emt 0:00:20]} 21. Nd4 {[%emt 0:04:16]} Bf7 {[%emt 0:01:14]} 22. Nf5 {[%emt 0:00:22]} Nb6 {[%emt 0:00:54]} 23. Qc1 {[%emt 0:01:05]} Rad8 {[%emt 0:01:22]} 24. Bf1 {[%emt 0:01:24]} Nc4 {[%emt 0:02:39]} 25. Ree1 {[%emt 0:00:24]} g6 {[%emt 0:01:46]} 26. Nh6 {[%emt 0:01:15]} Be6 {[%emt 0:00:33]} 27. g5 {[%emt 0:00:24]} fxg5 {[%emt 0:00:43]} 28. Bxc4 {[%emt 0:00:34]} Bxc4 {[%emt 0:00:52]} 29. Ng4 {[%emt 0:00:04]} Rxd1 {[%emt 0:00:55]} 30. Rxd1 {[%emt 0:00:07]} Bf8 {[%emt 0:00:12]} 31. Qxg5 {[%emt 0:01:52]} Bg7 {[%emt 0:00:03]} 32. Nf6 {[%emt 0:02:01]} Qe7 {[%emt 0:01:40]} 33. Bh4 {[%emt 0:00:34]} Rd8 {[%emt 0:00:28]} 34. Rxd8+ {[%emt 0:00:42]} Qxd8 35. Qxe5 {[%emt 0:00:22]} h6 {[%emt 0:00:29]} 36. Qc5 {[%emt 0:00:42]} Be6 {[%emt 0:00:49]} 37. e5 {[%emt 0:00:30]} Bxh3 {[%emt 0:00:32]} 38. Kh2 {[%emt 0:00:30]} Be6 {[%emt 0:00:10]} 39. Bg3 {[%emt 0:00:41]} Bxa2 {[%emt 0:00:45]} 40. c4 {[%emt 0:00:40]} Bb1 {[%emt 0:00:37]} 41. Qa7 {[%emt 0:04:43]} b5 {[%emt 0:04:14]} 42. Qa6 {[%emt 0:08:12]} bxc4 {[%emt 0:14:47]} 43. Qxa4 {[%emt 0:03:48]} Bxf6 {[%emt 0:00:43]} 44. exf6 {[%emt 0:00:24]} Qxf6 {[%emt 0:00:36]} 45. Qa8+ {[%emt 0:03:20]} Kh7 {[%emt 0:01:24]} 46. Qb7+ {[%emt 0:00:25]} Qg7 {[%emt 0:00:06]} 47. Qxc6 {[%emt 0:00:49]} c3 {[%emt 0:00:43]} 48. Qd5 {[%emt 0:09:12]} Bf5 {[%emt 0:04:04]} 49. Be5 {[%emt 0:00:35]} Qe7 {[%emt 0:01:26]} 50. Bd6 {[%emt 0:03:27]} Be4 {[%emt 0:03:15]} 51. Bxe7 {[%emt 0:00:33]} Bxd5 {[%emt 0:00:04]} 52. b5 {[%emt 0:00:31]} Kg7 {[%emt 0:01:02]} 53. Kg3 {[%emt 0:00:24]} Kf7 {[%emt 0:01:01]} 54. Ba3 {[%emt 0:00:07]} Ke6 {[%emt 0:00:18]} 55. Kf4 {[%emt 0:00:49]} c2 {[%emt 0:02:58]} 56. b6 {[%emt 0:00:41]} Bb7 {[%emt 0:00:48]} 57. Bc1 {[%emt 0:00:04]} Kd5 {[%emt 0:00:36]} 58. Kg4 {[%emt 0:00:48]} h5+ {[%emt 0:00:48]} 59. Kg5 {[%emt 0:00:36]} Ke4 {[%emt 0:00:22]} 60. f4 {[%emt 0:00:09]} Kf3 {[%emt 0:00:47]} 61. f5 {[%emt 0:00:39]} gxf5 {[%emt 0:00:36]} 62. Kxh5 {[%emt 0:00:06]} Ke4 {[%emt 0:00:46]} 63. Kg5 {[%emt 0:00:00]} Bc8 {[%emt 0:00:18]} 64. Bf4 {[%emt 0:00:26]} Bb7 {[%emt 0:00:24]} 65. Bc1 {[%emt 0:00:04]} Ke5 {[%emt 0:00:07]} 66. Bf4+ {[%emt 0:01:43]} Ke6 {[%emt 0:00:07]} 67. Bd2 {[%emt 0:00:06]} Be4 {[%emt 0:00:07]} 68. Bf4 {[%emt 0:00:06]} Kd7 {[%emt 0:01:07]} 69. b7 {[%emt 0:00:07]} Bxb7 {[%emt 0:00:07]} 70. Kxf5 {[%emt 0:00:04]} 1/2-1/2